[Event "Lynskak-DM 2024"]
[Site "Helsingor"]
[Date "2024.09.01"]
[Round "3.5"]
[White "Pedersen, Daniel Vesterbaek"]
[Black "Larsen, Karsten"]
[Result "1/2-1/2"]
[WhiteElo "2184"]
[BlackElo "2181"]
[WhiteFideId "1402161"]
[BlackFideId "1404288"]
[EventDate "2024.09.01"]
[EventType "swiss"]
[EventRounds "13"]
[EventCountry "DEN"]
[SourceTitle "Live v. Kasper Jerwiarz"]

1. e4 e5 2. Nf3 Nc6 3. Bb5 a6 4. Ba4 Nf6 5. O-O b5 6. Bb3 Bc5 7. c3 d6 8. d4 Bb6 9. a4 Rb8 10. h3 O-O 11. Re1 h6 12. Bc2 Re8 13. Na3 Bb7 14. axb5 axb5 15. Nxb5 exd4 16. cxd4 Nb4 17. Nc3 Nxc2 18. Qxc2 Ra8 19. Rxa8 Qxa8 20. d5 Qa6 21. Be3 Bxe3 22. Rxe3 Qa5 23. Nd4 Nd7 24. Nf5 Ne5 25. Rg3 Ng6 26. Qb3 Bc8 27. Nd4 Qc5 28. Nc6 Bd7 29. Nb4 Rb8 30. Nca2 Nf4 31. Re3 Qd4 32. Re1 Nd3 33. Rd1 Rxb4 34. Qxd3 Qxd3 35. Rxd3 Rxb2 36. Nc3 Rc2 37. Nd1 Rc1 38. Kh2 Kf8 39. Kg3 Ke7 40. Kf4 g5+ 41. Ke3 Rc2 42. Nc3 Rb2 43. Ne2 Rb4 44. Nd4 Rb2 45. Rc3 Kd8 46. Nc6+ Bxc6 47. Rxc6 Kd7 48. Rc3 Rb4 49. Kf3 Rb2 50. Re3 f6 51. Kg3 h5 52. Kf3 Ke7 53. Rc3 Kd7 54. Ra3 Rb8 55. Re3 Ke7 56. g3 Kf7 57. Rc3 Rb7 58. h4 Kg6 59. Rd3 1/2-1/2

[Event "Lynskak-DM 2024"]
[Site "Helsingor"]
[Date "2024.09.01"]
[Round "3.6"]
[White "Jorgensen, Dennis"]
[Black "Nilssen, Ellen Fredericia"]
[Result "0-1"]
[WhiteElo "2236"]
[BlackElo "2092"]
[WhiteFideId "1408380"]
[BlackFideId "1441230"]
[EventDate "2024.09.01"]
[EventType "swiss"]
[EventRounds "13"]
[EventCountry "DEN"]
[SourceTitle "Live v. Kasper Jerwiarz"]

1. d4 Nf6 2. Nf3 g6 3. g3 Bg7 4. Bg2 d5 5. c4 c6 6. cxd5 cxd5 7. Ne5 O-O 8. Nc3 Nc6 9. O-O Bf5 10. Be3 Rc8 11. Rc1 Ne4 12. Nxe4 Bxe4 13. Bh3 Bf5 14. Bxf5 gxf5 15. Nxc6 Rxc6 16. Rxc6 bxc6 17. Qc2 Qb6 18. Qxf5 Qxb2 19. Rc1 Bxd4 20. Qg4+ Bg7 21. Rxc6 Kh8 22. Ra6 d4 23. Bg5 Qb1+ 0-1

[Event "Lynskak-DM 2024"]
[Site "Helsingor"]
[Date "2024.09.01"]
[Round "3.7"]
[White "Eriksson, Christian Altenburg"]
[Black "Hector, Jonny"]
[Result "0-1"]
[WhiteElo "2075"]
[BlackElo "2403"]
[WhiteFideId "1412159"]
[BlackFideId "1700090"]
[EventDate "2024.09.01"]
[EventType "swiss"]
[EventRounds "13"]
[EventCountry "DEN"]
[SourceTitle "Live v. Kasper Jerwiarz"]

1. e4 e5 2. Nf3 Nc6 3. d4 exd4 4. Nxd4 Qf6 5. Nf3 Bc5 6. Nc3 Nge7 7. Bd2 O-O 8. Bd3 d6 9. Qe2 Bg4 10. h3 Bxf3 11. gxf3 Nd4 12. Qd1 Qxf3 13. Qxf3 Nxf3+ 14. Ke2 Nxd2 15. Kxd2 Bxf2 16. Raf1 Bb6 17. Bc4 Ba5 18. Rf3 Ng6 19. Bb3 Ne5 20. Rg3 g6 21. h4 h5 22. Rf1 Kg7 23. Ke2 Bxc3 24. Rxc3 c6 25. Rd1 Rad8 26. Rg3 Rfe8 27. Rf1 Re7 28. c3 Ng4 29. Kd3 Ne5+ 30. Ke3 d5 31. exd5 cxd5 32. Kd4 Nc6+ 33. Kc5 d4 34. Rgf3 f5 35. cxd4 Rxd4 0-1

[Event "Lynskak-DM 2024"]
[Site "Helsingor"]
[Date "2024.09.01"]
[Round "3.8"]
[White "Christensen, Janus"]
[Black "Le Besq, Alexander"]
[Result "0-1"]
[WhiteElo "2143"]
[BlackElo "2174"]
[WhiteFideId "1408402"]
[BlackFideId "1437089"]
[EventDate "2024.09.01"]
[EventType "swiss"]
[EventRounds "13"]
[EventCountry "DEN"]
[SourceTitle "Live v. Kasper Jerwiarz"]

1. e4 e5 2. Nf3 Nc6 3. Bc4 Bc5 4. c3 Nf6 5. d3 d6 6. a4 a6 7. Be3 Bxe3 8. fxe3 O-O 9. O-O Be6 10. Bxe6 fxe6 11. Qb3 Qd7 12. Nbd2 a5 13. d4 exd4 14. exd4 b6 15. Ng5 Rae8 16. Rae1 h6 17. Nh3 d5 18. e5 Nh7 19. Nf4 Rf5 20. Qd1 Ref8 21. Ng6 Rxf1+ 22. Rxf1 Rxf1+ 23. Qxf1 Qf7 24. Qxf7+ Kxf7 25. Nf4 Nf8 26. Nf3 Ne7 27. g4 Nfg6 28. Nd3 Nf8 29. Kf2 Nd7 30. b4 Nc6 31. b5 Ne7 32. h4 Ng6 33. h5 Ne7 34. g5 Nf5 35. Nf4 Nf8 36. g6+ Ke7 37. Nd2 Kd7 38. Ne2 c6 39. c4 dxc4 40. Nxc4 cxb5 41. axb5 Kc7 42. Kf3 Nd7 43. Ke4 Kb7 44. Nf4 Nf8 45. d5 Ng3+ 46. Kf3 exd5 47. Nxd5 Nxh5 48. Ndxb6 Nxg6 49. e6 Nhf4 50. Ke4 Nxe6 51. Nd5 Nc5+ 52. Kf5 Nf8 53. Nxa5+ Kc8 54. Nc6 Ncd7 55. b6 Kb7 56. Nd8+ Ka8 57. Nc7+ Kb8 58. Na6+ Ka8 59. b7+ Ka7 60. Nc7 g6+ 61. Kg4 h5+ 62. Kg5 Nh7+ 63. Kxg6 h4 64. Kxh7 h3 65. Nde6 h2 66. Kg8 h1=Q 67. Kf7 Qh7+ 68. Ke8 Nb8 69. Nd5 0-1

[Event "Lynskak-DM 2024"]
[Site "Helsingor"]
[Date "2024.09.01"]
[Round "3.9"]
[White "Wahlgreen, Noah Krug"]
[Black "Pedersen, Gunnar"]
[Result "1-0"]
[WhiteElo "2021"]
[BlackElo "2191"]
[WhiteFideId "1457349"]
[BlackFideId "1407414"]
[EventDate "2024.09.01"]
[EventType "swiss"]
[EventRounds "13"]
[EventCountry "DEN"]
[SourceTitle "Live v. Kasper Jerwiarz"]

1. d4 d5 2. Nf3 Nf6 3. Bf4 e6 4. e3 Bd6 5. Ne5 O-O 6. Nd2 c5 7. c3 Nc6 8. Bd3 Qc7 9. Ndf3 Nd7 10. Bxh7+ Kxh7 11. Ng5+ Kg8 12. Nexf7 Bxf4 13. exf4 Rxf7 14. Qh5 Nf8 15. Nxf7 Qxf7 16. Qxf7+ Kxf7 17. dxc5 a5 18. O-O-O Nd7 19. f5 Nxc5 20. fxe6+ Bxe6 21. f4 a4 22. f5 Bc8 23. Rxd5 Ra5 24. Rhd1 Ne7 25. Re5 Bxf5 26. Re3 g6 27. Rf1 Nd5 28. Re2 Nd3+ 1-0

[Event "Lynskak-DM 2024"]
[Site "Helsingor"]
[Date "2024.09.01"]
[Round "3.10"]
[White "Simonsen, Jesper"]
[Black "Hove, Esben Kjems"]
[Result "0-1"]
[WhiteElo "2017"]
[BlackElo "2160"]
[WhiteFideId "1402226"]
[BlackFideId "1401505"]
[EventDate "2024.09.01"]
[EventType "swiss"]
[EventRounds "13"]
[EventCountry "DEN"]
[SourceTitle "Live v. Kasper Jerwiarz"]

1. d4 d5 2. Nf3 Nf6 3. Bf4 c5 4. e3 Nc6 5. c3 Qb6 6. Qb3 c4 7. Qc2 Bf5 8. Qc1 e6 9. h3 h6 10. Nbd2 Be7 11. Be2 O-O 12. O-O Qd8 13. b3 b5 14. Ne5 Nxe5 15. Bxe5 Nd7 16. Bg3 a6 17. b4 a5 18. a3 axb4 19. axb4 Qb6 20. Qb2 Qb7 21. Rxa8 Rxa8 22. Ra1 Nb6 23. Nf3 Ra6 24. Ne5 Qa8 25. Rxa6 Qxa6 26. Bd1 Bd6 27. Nc6 Bf8 28. Bc2 Bxc2 29. Qxc2 Qa1+ 30. Kh2 Na4 31. e4 Qxc3 32. Qe2 Qd3 33. Qh5 Qxe4 34. Nd8 Qf5 35. Qf3 c3 36. Bf4 g5 37. Be5 c2 38. g4 Qe4 0-1

[Event "Lynskak-DM 2024"]
[Site "Helsingor"]
[Date "2024.09.01"]
[Round "4.1"]
[White "Bjerre, Jonas Buhl"]
[Black "Thybo, Jesper Sondergaard"]
[Result "1-0"]
[WhiteElo "2497"]
[BlackElo "2380"]
[WhiteFideId "1444948"]
[BlackFideId "1438832"]
[EventDate "2024.09.01"]
[EventType "swiss"]
[EventRounds "13"]
[EventCountry "DEN"]
[SourceTitle "Live v. Kasper Jerwiarz"]

1. e4 e5 2. Nf3 Nc6 3. Bb5 Nf6 4. d3 Bc5 5. Bxc6 dxc6 6. h3 O-O 7. Nc3 Re8 8. Bg5 a5 9. a4 Qd6 10. O-O Nd7 11. Nd2 Nf8 12. Be3 Bxe3 13. fxe3 Be6 14. Ne2 b5 15. Ng3 Reb8 16. b3 Nd7 17. Nf5 Bxf5 18. exf5 Nf6 19. Qf3 Re8 20. Ne4 Nxe4 21. Qxe4 f6 22. Ra2 Reb8 23. Rfa1 Qd5 24. axb5 Qxe4 25. dxe4 Rxb5 26. Kf2 Kf8 27. Ke2 Ke7 28. Ra4 c5 29. Kd3 Rb4 30. Rxa5 Rd8+ 31. Ke2 c4 32. R5a4 Rxa4 33. bxa4 c3 34. a5 Rd2+ 35. Kf3 Rd8 36. a6 Ra8 37. Ke2 Kd6 38. Kd3 Kc5 39. Kxc3 Kb5 40. g4 c5 41. Rb1+ Kc6 42. Rb7 Rxa6 43. Rxg7 Ra1 44. Rxh7 Rg1 45. Rh6 Kb5 46. Rxf6 Rg3 47. Kd3 c4+ 48. Kd2 Rxh3 49. g5 Kb4 50. Rb6+ Kc5 51. Re6 1-0

[Event "Lynskak-DM 2024"]
[Site "Helsingor"]
[Date "2024.09.01"]
[Round "4.2"]
[White "Nilssen, Ellen Fredericia"]
[Black "Hansen, Sune Berg"]
[Result "0-1"]
[WhiteElo "2092"]
[BlackElo "2561"]
[WhiteFideId "1441230"]
[BlackFideId "1400266"]
[EventDate "2024.09.01"]
[EventType "swiss"]
[EventRounds "13"]
[EventCountry "DEN"]
[SourceTitle "Live v. Kasper Jerwiarz"]

1. d4 Nf6 2. c4 g6 3. Nc3 Bg7 4. Nf3 d6 5. g3 O-O 6. Bg2 Nbd7 7. O-O e5 8. e4 exd4 9. Nxd4 Re8 10. h3 Nc5 11. Re1 Bd7 12. Bg5 h6 13. Bf4 a5 14. Rc1 Nh7 15. b3 Ng5 16. Kh2 Kh7 17. h4 Nge6 18. Be3 h5 19. Nd5 c6 20. Nc3 Qc7 21. Qd2 Kg8 22. Rcd1 Rad8 23. Nxe6 Nxe6 24. Bh6 Bh8 25. f4 Nc5 26. f5 Kh7 27. Bg5 Ra8 28. f6 Bg4 29. Ne2 Rad8 30. Qf4 Re6 31. Nd4 Bxd1 32. Nxe6 Nxe6 33. Qd2 Bg4 34. Be3 Bxf6 35. Rf1 Be5 36. Bh3 Bxh3 0-1

[Event "Lynskak-DM 2024"]
[Site "Helsingor"]
[Date "2024.09.01"]
[Round "4.3"]
[White "Meskenas, Paulius"]
[Black "Saugmann, Frederik Chabert"]
[Result "0-1"]
[WhiteElo "1998"]
[BlackElo "1942"]
[WhiteFideId "12809969"]
[BlackFideId "1476122"]
[EventDate "2024.09.01"]
[EventType "swiss"]
[EventRounds "13"]
[EventCountry "DEN"]
[SourceTitle "Live v. Kasper Jerwiarz"]

1. e4 e5 2. Nf3 Nc6 3. d4 exd4 4. Nxd4 Nf6 5. Nxc6 bxc6 6. e5 Nd5 7. c4 Bb4+ 8. Bd2 Bxd2+ 9. Qxd2 Nb6 10. Nc3 O-O 11. O-O-O Qe7 12. f4 a5 13. Qd4 c5 14. Qe4 f5 15. exf6 Qxf6 16. Nd5 Qe6 17. Bd3 Qxe4 18. Bxe4 Ra7 19. Rhe1 Nxc4 20. Ne7+ Kh8 21. Bd5 Nd6 22. Rd3 g6 23. Rh3 0-1

[Event "Lynskak-DM 2024"]
[Site "Helsingor"]
[Date "2024.09.01"]
[Round "4.4"]
[White "Jepson, Christian"]
[Black "Pedersen, Daniel Vesterbaek"]
[Result "1-0"]
[WhiteElo "2356"]
[BlackElo "2184"]
[WhiteFideId "1701185"]
[BlackFideId "1402161"]
[EventDate "2024.09.01"]
[EventType "swiss"]
[EventRounds "13"]
[EventCountry "DEN"]
[SourceTitle "Live v. Kasper Jerwiarz"]

1. Nf3 c5 2. c4 Nf6 3. Nc3 Nc6 4. d4 cxd4 5. Nxd4 e6 6. g3 Qb6 7. Nb3 Bb4 8. Bg2 Ne5 9. c5 Bxc3+ 10. bxc3 Qc7 11. O-O O-O 12. Bf4 Nh5 13. Bc1 Nf6 14. e4 Ng6 15. f4 Rd8 16. e5 Ne8 17. Be3 Rb8 18. Qd3 f6 19. exf6 Nxf6 20. f5 Ne5 21. Qd4 d6 22. Bf4 exf5 23. cxd6 1-0

[Event "Lynskak-DM 2024"]
[Site "Helsingor"]
[Date "2024.09.01"]
[Round "4.5"]
[White "Hector, Jonny"]
[Black "Hove, Esben Kjems"]
[Result "1-0"]
[WhiteElo "2403"]
[BlackElo "2160"]
[WhiteFideId "1700090"]
[BlackFideId "1401505"]
[EventDate "2024.09.01"]
[EventType "swiss"]
[EventRounds "13"]
[EventCountry "DEN"]
[SourceTitle "Live v. Kasper Jerwiarz"]

1. e4 c6 2. d4 d5 3. f3 g6 4. e5 h5 5. f4 Nh6 6. Nf3 Bf5 7. Be3 Nd7 8. Bf2 Nb6 9. Nbd2 Bg7 10. h3 a5 11. a4 Qc7 12. Be2 O-O 13. b3 Nd7 14. O-O b6 15. c4 e6 16. Rc1 Qb7 17. Bh4 c5 18. cxd5 exd5 19. Be7 Rfc8 20. Bd6 Be6 21. Bb5 Nf5 22. dxc5 Nxc5 23. Qe2 Ng3 24. Qf2 Nxf1 25. Rxf1 Ne4 26. Nxe4 dxe4 27. Nd4 Bd5 28. f5 Bh6 29. Qg3 Kh7 30. e6 Rg8 31. e7 gxf5 32. Qf2 e3 33. Qxf5+ Kh8 34. Be5+ Bg7 35. Qxh5# 1-0

[Event "Lynskak-DM 2024"]
[Site "Helsingor"]
[Date "2024.09.01"]
[Round "4.6"]
[White "Le Besq, Alexander"]
[Black "Henningsen, Lasse"]
[Result "1-0"]
[WhiteElo "2174"]
[BlackElo "1958"]
[WhiteFideId "1437089"]
[BlackFideId "1425315"]
[EventDate "2024.09.01"]
[EventType "swiss"]
[EventRounds "13"]
[EventCountry "DEN"]
[SourceTitle "Live v. Kasper Jerwiarz"]

1. e4 e5 2. Nf3 Nc6 3. Bb5 a6 4. Ba4 Nf6 5. O-O Be7 6. Re1 b5 7. Bb3 O-O 8. h3 d6 9. c3 Na5 10. Bc2 c5 11. d4 cxd4 12. cxd4 Nc6 13. a3 Bb7 14. d5 Nb8 15. Nbd2 Nbd7 16. Nf1 Rc8 17. b4 Qc7 18. Bb3 Rfe8 19. Ng3 Nb6 20. Nf5 Bf8 21. Bg5 Nfd7 22. Rc1 Qb8 23. Nh2 f6 24. Be3 Rxc1 25. Bxc1 Rc8 26. Ne3 Nc4 27. Bxc4 bxc4 28. Qc2 a5 29. Bd2 axb4 30. Bxb4 Ba6 31. Rc1 Qb6 32. Nf3 Be7 33. Nd2 Qd4 34. Qa4 Qa7 35. Rxc4 Nb6 36. Rxc8+ Nxc8 37. Qe8+ Bf8 38. Ndc4 Qc7 39. Qe6+ Kh8 40. Na5 Bb5 41. Nf5 Qd7 42. Qxd7 Bxd7 43. Ne3 Be7 44. Nec4 Kg8 45. Nb7 Kf8 46. Nbxd6 Nxd6 47. Bxd6 Bb5 48. Bxe7+ Kxe7 49. Nd2 Kd6 50. f3 Kc5 51. Kf2 Kd4 52. Nb3+ 1-0

[Event "Lynskak-DM 2024"]
[Site "Helsingor"]
[Date "2024.09.01"]
[Round "4.8"]
[White "Pedersen, Gunnar"]
[Black "Kushyk, Denys"]
[Result "1-0"]
[WhiteElo "2191"]
[BlackElo "1850"]
[WhiteFideId "1407414"]
[BlackFideId "34149066"]
[EventDate "2024.09.01"]
[EventType "swiss"]
[EventRounds "13"]
[EventCountry "DEN"]
[SourceTitle "Live v. Kasper Jerwiarz"]

1. d4 Nf6 2. Nf3 d5 3. c4 e6 4. g3 Be7 5. Bg2 c6 6. O-O O-O 7. Qc2 Nbd7 8. Rd1 b6 9. Nc3 Bb7 10. e4 dxe4 11. Nxe4 Rc8 12. Bf4 Nxe4 13. Qxe4 Nf6 14. Qe2 Bd6 15. Ne5 Qe7 16. Rac1 Rfd8 17. a3 c5 18. dxc5 Bxc5 19. b4 Bxg2 20. Kxg2 Bd6 21. Qf3 h6 22. Nc6 Qc7 23. Nxd8 Rxd8 24. Rxd6 Rxd6 25. c5 Nd5 26. Bxd6 Qc6 27. b5 Qxb5 28. c6 Qa6 29. c7 Qc8 30. Qb3 a6 31. Qc4 Kh7 32. Qc6 b5 33. h4 g5 34. h5 Kg8 35. f3 Ne3+ 36. Kf2 Nc4 37. Rxc4 bxc4 38. Qxc4 Kg7 39. Qd4+ Kg8 40. Qf6 a5 41. Qd8+ Qxd8 1-0

[Event "Lynskak-DM 2024"]
[Site "Helsingor"]
[Date "2024.09.01"]
[Round "4.9"]
[White "Larsen, Karsten"]
[Black "Hoyer, Jacob K"]
[Result "1/2-1/2"]
[WhiteElo "2181"]
[BlackElo "2192"]
[WhiteFideId "1404288"]
[BlackFideId "1416316"]
[EventDate "2024.09.01"]
[EventType "swiss"]
[EventRounds "13"]
[EventCountry "DEN"]
[SourceTitle "Live v. Kasper Jerwiarz"]

1. e4 c5 2. Nf3 d6 3. Bb5+ Nc6 4. O-O g6 5. c3 Bg7 6. Re1 e6 7. d4 cxd4 8. cxd4 Bd7 9. Nc3 Nge7 10. d5 exd5 11. exd5 Ne5 12. Nxe5 Bxe5 13. Bg5 f6 14. Bxd7+ Qxd7 15. Be3 O-O 16. Qd2 Nf5 17. Bf4 Rac8 18. Rac1 Rc4 19. Bg3 Nxg3 20. hxg3 f5 21. Ne2 Rfc8 22. b3 Rxc1 23. Rxc1 Rc7 24. Rc4 b5 25. Rc2 Qc8 26. Rxc7 Qxc7 27. Qc1 1/2-1/2

[Event "Lynskak-DM 2024"]
[Site "Helsingor"]
[Date "2024.09.01"]
[Round "4.10"]
[White "Nielsen, Jan Mose"]
[Black "Laza, Szabolcs"]
[Result "1/2-1/2"]
[WhiteElo "2171"]
[BlackElo "2005"]
[WhiteFideId "1405306"]
[BlackFideId "741345"]
[EventDate "2024.09.01"]
[EventType "swiss"]
[EventRounds "13"]
[EventCountry "DEN"]
[SourceTitle "Live v. Kasper Jerwiarz"]

1. d4 d5 2. Nf3 Nf6 3. Bg5 e6 4. Nbd2 Nbd7 5. e4 dxe4 6. Nxe4 Be7 7. Nxf6+ Nxf6 8. Bd3 h6 9. Bxf6 Bxf6 10. c3 O-O 11. Qe2 Qd5 12. Be4 Qh5 13. O-O-O a5 14. h3 a4 15. g4 Qa5 16. a3 Ra6 17. Bd3 Rb6 18. h4 Be7 19. Qe5 Qxe5 20. Nxe5 f6 21. Ng6 Kf7 22. Nxf8 Bxf8 23. f4 Bd7 24. g5 Bc6 25. Rhf1 Bd5 26. Bc2 Ra6 27. gxh6 gxh6 28. Rd2 b5 29. Bd3 c6 30. Re2 Ra7 31. Be4 Bc4 32. Kd2 Bxe2 33. Kxe2 Rc7 34. Kf3 Bd6 35. Rg1 Bf8 36. Bg6+ Ke7 37. Be4 Kf7 38. Bh7 Ke7 39. Re1 Kf7 40. h5 Rd7 41. Bg6+ Ke7 42. f5 Rd6 43. Re4 Bg7 44. Kf4 Bf8 45. Bh7 e5+ 46. dxe5 Rd2 47. exf6+ Kxf6 48. Bg6 Bd6+ 49. Ke3 Rd1 50. Ke2 Rd5 51. Re6+ Kg5 52. f6 Re5+ 53. Rxe5+ Bxe5 54. f7 Bd6 55. Kf3 c5 56. Bd3 b4 57. cxb4 cxb4 58. axb4 Bxb4 59. Bb5 a3 60. bxa3 Bxa3 61. Be8 Kf6 62. Kg4 Kg7 63. Kf5 1/2-1/2

[Event "Lynskak-DM 2024"]
[Site "Helsingor"]
[Date "2024.09.01"]
[Round "5.1"]
[White "Saugmann, Frederik Chabert"]
[Black "Bjerre, Jonas Buhl"]
[Result "0-1"]
[WhiteElo "1942"]
[BlackElo "2497"]
[WhiteFideId "1476122"]
[BlackFideId "1444948"]
[EventDate "2024.09.01"]
[EventType "swiss"]
[EventRounds "13"]
[EventCountry "DEN"]
[SourceTitle "Live v. Kasper Jerwiarz"]

1. d4 Nf6 2. c4 e6 3. Nf3 d5 4. Bg5 Nbd7 5. e3 h6 6. Bh4 Bb4+ 7. Nc3 c5 8. cxd5 exd5 9. Bd3 Qa5 10. Qc2 c4 11. Bf5 O-O 12. O-O Re8 13. Rad1 Bxc3 14. bxc3 Ne4 15. Bxe4 Rxe4 16. Bg3 Nb6 17. Nd2 Re8 18. e4 dxe4 19. Nxe4 Bf5 20. f3 Nd5 21. Rde1 Re6 22. Re2 Rae8 23. Rfe1 Kh8 24. Be5 f6 25. Bg3 b5 26. h3 Kg8 27. Kh2 Kh8 28. Kg1 Bg6 29. Kf1 b4 30. cxb4 Qxb4 31. Rb1 Qa3 32. Rbe1 c3 33. Kf2 Qb4 34. Qd3 Kh7 35. Kf1 Qa5 36. Kf2 Kh8 37. Kf1 f5 38. Nc5 Rxe2 39. Rxe2 Rxe2 40. Qxe2 f4 41. Bf2 c2 42. Nb3 Qxa2 43. Nc1 Qb1 44. Qd2 Kh7 45. Ke2 a5 46. Nd3 a4 47. Bh4 Qb5 48. Bf2 Bxd3+ 49. Qxd3+ Qxd3+ 0-1

[Event "Lynskak-DM 2024"]
[Site "Helsingor"]
[Date "2024.09.01"]
[Round "5.2"]
[White "Hansen, Sune Berg"]
[Black "Jepson, Christian"]
[Result "1-0"]
[WhiteElo "2561"]
[BlackElo "2356"]
[WhiteFideId "1400266"]
[BlackFideId "1701185"]
[EventDate "2024.09.01"]
[EventType "swiss"]
[EventRounds "13"]
[EventCountry "DEN"]
[SourceTitle "Live v. Kasper Jerwiarz"]

1. Nf3 Nf6 2. g3 g6 3. b3 Bg7 4. Bb2 O-O 5. Bg2 c5 6. c4 Nc6 7. O-O d5 8. cxd5 Nxd5 9. Bxg7 Kxg7 10. Qc2 b6 11. Qb2+ Kg8 12. a3 Bb7 13. d3 Re8 14. Nbd2 e5 15. Nc4 Qe7 16. e3 Rad8 17. Rfd1 f6 18. Rac1 Ba8 19. Qb1 Nc7 20. Ncd2 Nb5 21. Nc4 Nc7 22. Qc2 Ne6 23. Ncd2 Kg7 24. Nc4 Rd7 25. Re1 Red8 26. Rcd1 Qf7 27. Qc3 Kg8 28. Qc2 Kg7 29. h4 h5 30. Rd2 b5 31. Nb2 a6 32. Nd1 Ne7 33. Nc3 Nf5 34. Ne4 Qe7 35. Rdd1 Bd5 36. Nc3 Bb7 37. Ne4 Bd5 38. Ned2 Nh6 39. Qc3 Ng4 40. b4 Rc7 41. Qb2 Rdc8 42. bxc5 Nxc5 43. Nb1 Qe6 44. Qb4 Na4 45. e4 Bb3 46. Rd2 Bc2 47. d4 Qc4 48. dxe5 Nxe5 49. Nd4 Qxb4 50. axb4 Kf7 51. Na3 Nb2 52. Ndxc2 Rxc2 53. Rxc2 1-0

[Event "Lynskak-DM 2024"]
[Site "Helsingor"]
[Date "2024.09.01"]
[Round "5.3"]
[White "Le Besq, Alexander"]
[Black "Hector, Jonny"]
[Result "0-1"]
[WhiteElo "2174"]
[BlackElo "2403"]
[WhiteFideId "1437089"]
[BlackFideId "1700090"]
[EventDate "2024.09.01"]
[EventType "swiss"]
[EventRounds "13"]
[EventCountry "DEN"]
[SourceTitle "Live v. Kasper Jerwiarz"]

1. e4 e5 2. Nf3 Nc6 3. Bb5 f5 4. d3 fxe4 5. dxe4 Nf6 6. O-O d6 7. Nc3 Be7 8. a3 O-O 9. h3 Kh8 10. Qd3 Be6 11. Bc4 Qd7 12. Ng5 Bxc4 13. Qxc4 Nd8 14. f4 h6 15. Nf3 exf4 16. e5 Nh5 17. exd6 Bxd6 18. Ne4 Qc6 19. Qd3 Ne6 20. Bd2 Nc5 21. Nxc5 Bxc5+ 22. Kh2 Qd6 23. Qb5 c6 24. Qb3 Qd5 25. Qxb7 Rab8 26. Qa6 Rxb2 27. Bc3 Rxc2 28. Rad1 Qe6 29. Ba1 Qg6 30. Nh4 Qg3+ 31. Kh1 Qxh3+ 32. gxh3 Ng3# 0-1

[Event "Lynskak-DM 2024"]
[Site "Helsingor"]
[Date "2024.09.01"]
[Round "5.4"]
[White "Thybo, Jesper Sondergaard"]
[Black "Pedersen, Gunnar"]
[Result "1-0"]
[WhiteElo "2380"]
[BlackElo "2191"]
[WhiteFideId "1438832"]
[BlackFideId "1407414"]
[EventDate "2024.09.01"]
[EventType "swiss"]
[EventRounds "13"]
[EventCountry "DEN"]
[SourceTitle "Live v. Kasper Jerwiarz"]

1. Nf3 Nf6 2. g3 d5 3. Bg2 c6 4. O-O Bg4 5. h3 Bh5 6. c4 e6 7. d4 Nbd7 8. Qb3 Qb6 9. Nc3 Be7 10. Bf4 O-O 11. c5 Qxb3 12. axb3 b5 13. b4 Rfe8 14. Ra6 Nb8 15. Bxb8 Rexb8 16. Rxc6 a5 17. Ra1 axb4 18. Rxa8 Rxa8 19. Nxb5 h6 20. g4 Bg6 21. Ne5 Be4 22. Rc7 Kf8 23. Ra7 Rb8 24. Rxe7 1-0

[Event "Lynskak-DM 2024"]
[Site "Helsingor"]
[Date "2024.09.01"]
[Round "5.5"]
[White "Meskenas, Paulius"]
[Black "Wilbrandt, Simon Pil"]
[Result "0-1"]
[WhiteElo "1998"]
[BlackElo "2107"]
[WhiteFideId "12809969"]
[BlackFideId "1436988"]
[EventDate "2024.09.01"]
[EventType "swiss"]
[EventRounds "13"]
[EventCountry "DEN"]
[SourceTitle "Live v. Kasper Jerwiarz"]

1. e4 Nc6 2. d4 e5 3. Nf3 Nxd4 4. Nxd4 exd4 5. Qxd4 Qf6 6. e5 Qb6 7. Qxb6 axb6 8. Nc3 Bb4 9. Bd2 Ne7 10. Bc4 Ng6 11. O-O O-O 12. f4 d6 13. exd6 Bxd6 14. Nb5 Bc5+ 15. Kh1 Bf5 16. Bb3 Rad8 17. Be1 c6 18. Nc3 Be3 19. Bg3 b5 20. a3 Rfe8 21. Rae1 Bd2 22. Rxe8+ Rxe8 23. h3 Bxc3 24. bxc3 Re3 25. Be1 Be4 26. f5 Ne5 27. Kg1 Nc4 28. Bf2 Re2 29. Rd1 Bd5 30. a4 Rd2 31. Rxd2 Nxd2 32. Bxd5 cxd5 33. axb5 Ne4 34. Bd4 Nd6 35. Kf2 Nxf5 36. Bc5 f6 37. g4 Nh4 38. Ke3 Kf7 39. c4 Ke6 40. cxd5+ Kxd5 41. Bf8 g6 42. Be7 Ke6 43. Bd8 Ng2+ 44. Kf2 Nf4 45. h4 Nd5 46. c4 Nc3 47. Kf3 Na4 48. Ke3 Nc5 49. Kd4 Nd7 50. Ba5 Ne5 51. g5 fxg5 52. hxg5 Nf7 53. Bd2 Nd6 54. Bf4 Nf5+ 55. Kc5 Kd7 56. Kb6 Kc8 57. c5 Ne7 58. Bd6 Nd5+ 59. Ka5 Kd7 60. Be5 Ne3 61. Kb4 Ke6 62. c6 bxc6 63. b6 Nd5+ 64. Kc5 Nxb6 65. Bg7 Nd7+ 66. Kxc6 Ne5+ 67. Kc5 Nf3 68. Kc4 Nxg5 69. Kd3 Kf5 70. Ke2 Ne4 71. Kf3 g5 72. Kg2 Kg4 73. Bh6 Nf6 74. Bg7 Ne8 75. Be5 Kf5 76. Bd4 Nf6 77. Kg3 h5 78. Bb2 Nd5 79. Bd4 Nf4 80. Be3 Ne2+ 81. Kf2 Nc3 82. Bd4 Ne4+ 83. Kg2 Kg4 84. Be5 Nc5 85. Bd6 Ne6 86. Bb8 Nf4+ 87. Kf2 h4 88. Bc7 Kh3 89. Bxf4 gxf4 90. Kf3 Kh2 91. Kf2 Kh1 92. Kf1 Kh2 93. Kf2 Kh3 94. Kf3 Kh2 95. Kf2 h3 96. Kf1 Kg3 97. Kg1 f3 98. Kh1 Kg4 99. Kg1 Kf4 100. Kh1 Ke3 101. Kg1 Ke2 102. Kh1 f2 103. Kh2 f1=Q 104. Kg3 Qg2+ 0-1

[Event "Lynskak-DM 2024"]
[Site "Helsingor"]
[Date "2024.09.01"]
[Round "5.6"]
[White "Hoyer, Jacob K"]
[Black "Nilssen, Ellen Fredericia"]
[Result "1-0"]
[WhiteElo "2192"]
[BlackElo "2092"]
[WhiteFideId "1416316"]
[BlackFideId "1441230"]
[EventDate "2024.09.01"]
[EventType "swiss"]
[EventRounds "13"]
[EventCountry "DEN"]
[SourceTitle "Live v. Kasper Jerwiarz"]

1. d4 Nf6 2. c4 g6 3. Nc3 d5 4. cxd5 Nxd5 5. Nf3 Bg7 6. Qb3 Nxc3 7. bxc3 O-O 8. e3 c5 9. Be2 Nc6 10. O-O e5 11. Ba3 b6 12. dxc5 Re8 13. Rfd1 Qc7 14. cxb6 axb6 15. Bd6 Qb7 16. Rab1 Rd8 17. Qxb6 Qxb6 18. Rxb6 Rxa2 19. Bc4 Ra4 20. Rxc6 Bb7 21. Rc7 Ba6 22. Bxf7+ Kh8 23. h4 e4 24. Nd4 Rxd6 25. Rb1 Rd8 26. Ne6 Ra8 27. Rb6 Be5 28. g3 Bxc7 29. Nxc7 Ra7 30. Ne6 Rxf7 31. Rb8+ 1-0

[Event "Lynskak-DM 2024"]
[Site "Helsingor"]
[Date "2024.09.01"]
[Round "5.7"]
[White "Hove, Esben Kjems"]
[Black "Jacobsen, Mikkel Manosri"]
[Result "0-1"]
[WhiteElo "2160"]
[BlackElo "2228"]
[WhiteFideId "1401505"]
[BlackFideId "1444514"]
[EventDate "2024.09.01"]
[EventType "swiss"]
[EventRounds "13"]
[EventCountry "DEN"]
[SourceTitle "Live v. Kasper Jerwiarz"]

1. d4 d5 2. Nf3 Nf6 3. Bf4 c5 4. e3 Nc6 5. c3 Qb6 6. Qb3 c4 7. Qc2 Bf5 8. Qc1 h6 9. h3 e6 10. Be2 Be7 11. Nbd2 O-O 12. O-O Rfc8 13. Bd1 Bd3 14. Re1 Ne4 15. Bc2 Bxc2 16. Qxc2 f5 17. Nxe4 fxe4 18. Nd2 Rf8 19. f3 Bh4 20. Rf1 Rxf4 21. exf4 e3 22. Nb1 Qc7 23. Qe2 Qxf4 24. Na3 e5 25. dxe5 Re8 26. Rad1 Rxe5 27. Nc2 Bg3 28. Nd4 Qh4 29. Kh1 Bf2 30. f4 0-1